Golf Course by Clubhouse - Statistics

General Stats
  • This quiz has been taken 71 times
  • The average score is 2 of 12
Answer Stats
Picture Answer % Correct
Augusta
98%
Pebble Beach
70%
Belle Glade
28%
Muirfield
17%
Paynes Valley
8%
Bonifay
7%
Evans Prairie
5%
Pine Ball
3%
Glenview
2%
Pine Hill
2%
Pleasant Valley
2%
The View / Valley View
2%
No matching quizzes found
Score Distribution
Percent of People with Each Score
Percentile by Number Answered
Your Score History
You have not taken this quiz